|
|
|
|
| LEADER |
01583nam a2200397 a 4500 |
| 001 |
nkc20122270119 |
| 003 |
CZ PrNK |
| 005 |
20221129112502.0 |
| 007 |
ta |
| 008 |
120112s2011 xr e f 001 0 cze |
| 015 |
|
|
|a cnb002270119
|
| 020 |
|
|
|a 978-80-7262-849-0
|q (váz.)
|
| 035 |
|
|
|a (OCoLC)780139176
|
| 040 |
|
|
|a ABA001
|b cze
|d OLA001
|
| 072 |
|
7 |
|a 616
|x Patologie. Klinická medicína
|2 Konspekt
|9 14
|
| 080 |
|
|
|a 616-093.75
|2 MRF
|
| 080 |
|
|
|a (048.8:082)
|2 MRF
|
| 100 |
1 |
|
|a Sláma, Ondřej,
|d 1969-
|7 mzk2005270045
|4 aut
|
| 245 |
1 |
0 |
|a Paliativní medicína pro praxi /
|c Ondřej Sláma, Ladislav Kabelka, Jiří Vorlíček et al.
|
| 250 |
|
|
|a 2., nezměn. vyd.
|
| 260 |
|
|
|a Praha :
|b Galén,
|c c2011
|
| 300 |
|
|
|a 363 s. :
|b il. ;
|c 20 cm
|
| 504 |
|
|
|a Obsahuje bibliografii a rejstřík
|
| 521 |
8 |
|
|a Určeno odborné veřejnosti
|
| 650 |
0 |
7 |
|a paliativní medicína
|7 ph870943
|2 czenas
|
| 650 |
0 |
9 |
|a palliative medicine
|2 eczenas
|
| 655 |
|
7 |
|a kolektivní monografie
|7 fd501537
|2 czenas
|
| 655 |
|
9 |
|a collective monographs
|2 eczenas
|
| 700 |
1 |
|
|a Kabelka, Ladislav,
|d 1972-
|7 xx0053506
|4 aut
|
| 700 |
1 |
|
|a Vorlíček, Jiří,
|d 1944-
|7 jn20000402598
|4 aut
|
| 856 |
4 |
1 |
|u http://www.digitalniknihovna.cz/mzk/uuid/uuid:8c2034e0-530d-11e6-ab2f-005056827e52
|y Digitalizovaný dokument
|x NDK
|
| 910 |
2 |
|
|a BOA001
|b 1-1278.587
|
| 990 |
|
|
|a BK
|
| 995 |
|
|
|a 01
|
| 996 |
6 |
|
|b 2610500887
|c 1-1278.587
|l MZK
|r Sklad / do 1 hodiny
|n 13
|p p.v.
|w 001225132
|u 000010
|a 1
|e BOA001
|j MZK50
|s P
|
| 996 |
7 |
|
|b 2610505547
|c 1-1278.587
|l Vol.výběr
|r VV 1p
|n 41
|p kup
|h 616 SLÁ
|w 001225132
|u 000020
|a 0
|e BOA001
|j MZK50
|s A
|